000 00469nam a2200157Ia 4500
008 210716s2009 xx 000 0 und d
020 _a9780070677395
041 _aeng
082 _a332.6 HIRG
100 _aHirt, Geoffrey A; Block, Stanley B.
245 _aFundamentals of investment management.
250 _a8
260 _aNew Delhi
_bTata McGraw Hill Publishing Company Ltd
_c2009
300 _axxvi,710
650 _aInvestment Analysis & Portfolio Management
999 _c205328
_d205328